[Event "4NCL Individual Rapid"]
[Site "Newport Pagnell ENG"]
[Date "2010.10.10"]
[Round "1"]
[White "Rendle,T"]
[Black "Elwin,A"]
[Result "1-0"]
[WhiteTitle "IM"]
[WhiteElo "2400"]
[BlackElo "1990"]
[WhiteFideId "408760"]
[BlackFideId "411450"]
[EventDate "2010.10.10"]

1. e4 c6 2. Nf3 d5 3. exd5 cxd5 4. Ne5 Nd7 5. d4 Ngf6 6. Bd3 e6 7. O-O Bd6 8.
Qe2 Qc7 9. f4 b6 10. c3 Bb7 11. Nd2 O-O 12. Rf3 Rfe8 13. Rh3 Nf8 14. g4 g6 15.
g5 N6d7 16. Ndf3 Nxe5 17. fxe5 Be7 18. Be3 a6 19. Rf1 b5 20. a3 Bc6 21. Ne1 a5
22. Rhf3 Bd8 23. Bxb5 Bxb5 24. Qxb5 Re7 25. Nd3 Rb8 26. Qa4 Qb6 27. R1f2 Qb5 28.
Qd1 Nd7 29. Qf1 f5 30. gxf6 Rf7 31. Rg3 Nf8 32. Bh6 Rbb7 33. h4 Qe8 34. h5 Kh8
35. Rfg2 Bb6 36. Nf4 g5 37. Rxg5 Nd7 38. Bg7+ Kg8 39. Bf8+ 1-0

[Event "4NCL Individual Rapid"]
[Site "Newport Pagnell ENG"]
[Date "2010.10.10"]
[Round "2"]
[White "Birkin,Mark"]
[Black "Zhou,Y"]
[Result "0-1"]
[BlackTitle "FM"]
[WhiteElo "1895"]
[BlackElo "2320"]
[WhiteFideId "420328"]
[BlackFideId "468584"]
[EventDate "2010.10.10"]

1. e4 c5 2. Nf3 d6 3. d4 Nf6 4. Nc3 cxd4 5. Nxd4 g6 6. Nd5 Bg7 7. Bb5+ Bd7 8.
Nxf6+ Bxf6 9. Bxd7+ Nxd7 10. Bh6 Qb6 11. Be3 Qxb2 12. O-O Nc5 13. Rb1 Qxa2 14.
Nb5 O-O 15. Bxc5 dxc5 16. Nc7 Rab8 17. Qf3 Qxc2 18. Nd5 Rfe8 19. Rfc1 Qa2 20.
Nxf6+ exf6 21. Ra1 Qb2 22. Rcb1 Qe5 23. Rxa7 Qxe4 24. Qxe4 Rxe4 25. f3 Re7 26.
Rb5 Rc7 27. Ra2 Kf8 28. Kf2 Ke7 29. Rab2 c4 30. Rb6 c3 31. Rc2 Rd8 32. Ke3 Rd6
33. Rb3 Rdc6 34. Kd3 Kd6 35. Rb4 Kd7 36. Ke3 f5 37. Kf4 Rc4+ 38. Rxc4 Rxc4+ 39.
Ke5 b5 40. Kd5 Rc8 41. Kd4 b4 0-1

[Event "4NCL Individual Rapid"]
[Site "Newport Pagnell ENG"]
[Date "2010.10.10"]
[Round "2"]
[White "Rudd,J"]
[Black "Rawlinson,A"]
[Result "1-0"]
[WhiteTitle "IM"]
[WhiteElo "2251"]
[BlackElo "2183"]
[WhiteFideId "405736"]
[BlackFideId "413496"]
[EventDate "2010.10.10"]

1. e4 c5 2. Nf3 e6 3. d4 cxd4 4. Nxd4 a6 5. Bd3 Bc5 6. Nb3 Be7 7. O-O d6 8. c4
Nf6 9. Nc3 Nbd7 10. f4 Qc7 11. Be3 b6 12. Rc1 Bb7 13. Qf3 O-O 14. Qh3 Rfe8 15.
Nd2 Bf8 16. Nf3 g6 17. Bd4 Bg7 18. b4 e5 19. fxe5 Nxe5 20. Nxe5 dxe5 21. Be3
Rad8 22. Nd5 Nxd5 23. cxd5 Qd6 24. Bg5 Rc8 25. Rcd1 Rc3 26. Rxf7 Kxf7 27. Qxh7
Rf8 28. Rf1+ Ke8 29. Qxg7 Rxf1+ 30. Bxf1 Rc7 31. Qg8+ Qf8 32. Qe6+ Re7 33. Bxe7
Qxe7 34. Qxg6+ Kd7 35. Qxb6 1-0

[Event "4NCL Individual Rapid"]
[Site "Newport Pagnell ENG"]
[Date "2010.10.10"]
[Round "2"]
[White "Healey,M"]
[Black "Rendle,T"]
[Result "0-1"]
[BlackTitle "IM"]
[WhiteElo "2069"]
[BlackElo "2400"]
[WhiteFideId "410012"]
[BlackFideId "408760"]
[EventDate "2010.10.10"]

1. e4 e6 2. b3 d5 3. Bb2 Nf6 4. e5 Nfd7 5. Qg4 c5 6. f4 Nc6 7. Nf3 g6 8. Be2 Bg7
9. O-O a6 10. a4 O-O 11. Na3 c4 12. bxc4 f5 13. Qg3 Nc5 14. cxd5 exd5 15. Bd4
Ne4 16. Qe1 g5 17. d3 Nxd4 18. Nxd4 Qb6 19. c3 Nc5 20. Nac2 gxf4 21. Nb4 Nb3 22.
Rb1 Nxd4 23. cxd4 Qxd4+ 24. Qf2 Bxe5 25. Nc2 Qxf2+ 26. Rxf2 Rf7 27. d4 Bd6 28.
Bf3 Be6 29. Re2 Re8 30. Rxe6 Rxe6 31. Bxd5 Ree7 32. Rb6 Bb8 33. Kf2 Ba7 34. Rf6
Kg7 35. Bxf7 Rxf7 36. Rxf7+ Kxf7 37. Kf3 Ke6 38. Kxf4 Bb8+ 39. Kg5 Bxh2 40. Kh6
b5 41. axb5 axb5 42. Kxh7 Bd6 43. Kg6 b4 44. d5+ 0-1

[Event "4NCL Individual Rapid"]
[Site "Newport Pagnell ENG"]
[Date "2010.10.10"]
[Round "2"]
[White "Hall,Joh"]
[Black "Jones,G"]
[Result "1/2-1/2"]
[BlackTitle "GM"]
[WhiteElo "2305"]
[BlackElo "2576"]
[WhiteFideId "401102"]
[BlackFideId "409561"]
[EventDate "2010.10.10"]

1. e4 e5 2. Nf3 Nc6 3. Bb5 a6 4. Ba4 Nf6 5. O-O Be7 6. Re1 b5 7. Bb3 d6 8. c3
O-O 9. h3 Na5 10. Bc2 d5 11. Nxe5 dxe4 12. d4 exd3 13. Qxd3 Qxd3 14. Bxd3 Bd6
15. Bf4 Bb7 16. Bc2 Rad8 17. Nd3 Bxf4 18. Nxf4 Nc4 19. b3 Nb6 20. Na3 Nbd5 21.
Nxd5 Nxd5 22. Be4 c6 23. c4 Nc3 24. Bf3 Rfe8 25. Nc2 Rxe1+ 26. Rxe1 Nxa2 27. Nd4
Nb4 28. cxb5 axb5 29. Nxb5 g6 30. Nc3 Rd3 31. Ne4 Nc2 32. Rd1 Rxd1+ 33. Bxd1 Nd4
34. Nc5 Bc8 35. f4 Kf8 36. Kf2 Ke7 37. Ke3 Nb5 38. Bf3 Na7 39. h4 h5 40. Kd4
Nb5+ 41. Ke3 Nd6 42. Bxc6 Nf5+ 43. Kd3 Kd6 44. Bb7 Bxb7 45. Nxb7+ Kd5 46. Nd8 f6
47. Ke2 Nxh4 48. Kf2 Nf5 49. Nf7 Ke6 50. Nd8+ Kd6 51. Nf7+ Ke7 52. Nh8 Kf8 53.
Nxg6+ Kg7 54. Ne5 fxe5 55. fxe5 Kg6 56. b4 Nd4 57. Kg3 Kg5 58. Kh3 Ne2 59. b5
Nf4+ 60. Kg3 Nd5 61. e6 h4+ 62. Kh3 Nf4+ 63. Kh2 Nxe6 64. g3 1/2-1/2

[Event "4NCL Individual Rapid"]
[Site "Newport Pagnell ENG"]
[Date "2010.10.10"]
[Round "2"]
[White "Hebden,M"]
[Black "Thomas,Ni"]
[Result "1-0"]
[WhiteTitle "GM"]
[BlackTitle "FM"]
[WhiteElo "2556"]
[BlackElo "2286"]
[WhiteFideId "400084"]
[BlackFideId "402117"]
[EventDate "2010.10.10"]

1. d4 e6 2. Nf3 Nf6 3. c3 c5 4. Bg5 h6 5. Bxf6 Qxf6 6. e4 Qd8 7. d5 d6 8. Bb5+
Bd7 9. Bxd7+ Qxd7 10. O-O Be7 11. a4 Na6 12. Na3 Nc7 13. Nc4 exd5 14. exd5 O-O
15. Qd3 b6 16. Rfe1 Bf6 17. Nfd2 Rfe8 18. Ne4 Be7 19. Re2 Qf5 20. Rd1 Bf8 21. b3
Rad8 22. g3 Kh8 23. Kg2 g6 24. Re3 Rd7 25. Ned2 Rxe3 26. Qxf5 gxf5 27. Nxe3 f4
28. gxf4 Bg7 29. Ne4 Ne8 30. Nf5 Kh7 31. Kf3 Kg6 32. Ne3 Nf6 33. Ng3 Kh7 34.
Nef5 Ne8 35. c4 Bc3 36. Ne4 Bh8 37. Re1 Kg6 38. Nh4+ Kh5 39. Ng3+ Kxh4 40. Rxe8
Bd4 41. Rg8 Kh3 42. Nf1 Re7 43. Rg3+ Kh4 44. Ne3 Bxe3 45. fxe3 h5 46. Rg7 Kh3
47. Rh7 h4 48. f5 a6 49. e4 b5 50. axb5 axb5 51. Kf4 bxc4 52. bxc4 Rb7 53. Rh6
Rb4 54. Kg5 Kxh2 55. Kxh4 Rxc4 56. Kg4+ Kg2 57. Kf4 Rc3 58. Rxd6 Rf3+ 59. Ke5 c4
60. Kf6 Kg3 61. Rc6 c3 62. d6 Kf4 63. Rc4 Rd3 64. e5+ Ke3 65. Kxf7 Kd2 66. Ke7
c2 67. Rxc2+ Kxc2 68. d7 1-0

[Event "4NCL Individual Rapid"]
[Site "Newport Pagnell ENG"]
[Date "2010.10.10"]
[Round "3"]
[White "Sherwin,J"]
[Black "Maroroa,S"]
[Result "1-0"]
[WhiteTitle "IM"]
[BlackTitle "WIM"]
[WhiteElo "2246"]
[BlackElo "1981"]
[WhiteFideId "2000997"]
[BlackFideId "4301498"]
[EventDate "2010.10.10"]

1. d4 Nf6 2. c4 g6 3. Nc3 Bg7 4. Nf3 O-O 5. Bg5 d6 6. e3 c6 7. Be2 Bf5 8. Nd2
Qa5 9. Bh4 Na6 10. O-O Rfe8 11. e4 Bd7 12. a3 e5 13. b4 Qb6 14. dxe5 dxe5 15. c5
Qc7 16. Nc4 Rad8 17. Nd6 Rf8 18. Bc4 Be6 19. Qb3 Bxc4 20. Qxc4 Rxd6 21. cxd6
Qxd6 22. Rad1 Qe7 23. Rd3 Nc7 24. Rfd1 Ne6 25. Ne2 g5 26. Bg3 Nf4 27. Bxf4 exf4
28. f3 Qe5 29. Qd4 Qb5 30. Nc3 Qa6 31. e5 Nd5 32. Nxd5 cxd5 33. Qxd5 Qb6+ 34.
Qc5 Qe6 35. Rd8 Qxe5 1-0

[Event "4NCL Individual Rapid"]
[Site "Newport Pagnell ENG"]
[Date "2010.10.10"]
[Round "3"]
[White "Rendle,T"]
[Black "Borrowdale,Graham E"]
[Result "1-0"]
[WhiteTitle "IM"]
[WhiteElo "2400"]
[BlackElo "1993"]
[WhiteFideId "408760"]
[BlackFideId "416673"]
[EventDate "2010.10.10"]

1. f4 Nf6 2. Nf3 g6 3. g3 Bg7 4. Bg2 O-O 5. O-O c5 6. d3 d5 7. Nc3 d4 8. Na4 Qc7
9. c4 Nbd7 10. Rb1 Rb8 11. b4 b6 12. h3 Nh5 13. Qe1 e5 14. bxc5 bxc5 15. Rxb8
Qxb8 16. fxe5 Bxe5 17. Nxe5 Qxe5 18. g4 Ng3 19. Rf2 Re8 20. Bf3 h5 21. gxh5 gxh5
22. Rg2 h4 23. Qd2 Re6 24. Qg5+ Qxg5 25. Bxg5 Ra6 26. Bxh4 Rxa4 27. Bxg3 Rxa2
28. Bd6+ Kh8 29. Bd5 Ra6 30. Be7 Rg6 31. Bxf7 Rxg2+ 32. Kxg2 a5 33. Be6 a4 34.
Bxd7 1-0

[Event "4NCL Individual Rapid"]
[Site "Newport Pagnell ENG"]
[Date "2010.10.10"]
[Round "3"]
[White "Slavin,A"]
[Black "Kilpatrick,C"]
[Result "0-1"]
[WhiteTitle "IM"]
[WhiteElo "2426"]
[BlackElo "2247"]
[WhiteFideId "24104388"]
[BlackFideId "414425"]
[EventDate "2010.10.10"]

1. d4 Nf6 2. Nf3 g6 3. c4 Bg7 4. Nc3 d5 5. cxd5 Nxd5 6. e4 Nxc3 7. bxc3 c5 8.
Rb1 O-O 9. Be2 Nc6 10. d5 Ne5 11. Nxe5 Bxe5 12. Qd2 e6 13. f4 Bc7 14. Bc4 exd5
15. Bxd5 Qh4+ 16. g3 Qh3 17. c4 Bg4 18. Kf2 g5 19. Rxb7 Bxf4 20. gxf4 Qf3+ 21.
Kg1 Bh3 22. Qe1 Qg2# 0-1

[Event "4NCL Individual Rapid"]
[Site "Newport Pagnell ENG"]
[Date "2010.10.10"]
[Round "3"]
[White "Buckley,D"]
[Black "Arkell,K"]
[Result "1-0"]
[BlackTitle "GM"]
[WhiteElo "2237"]
[BlackElo "2439"]
[WhiteFideId "407437"]
[BlackFideId "400270"]
[EventDate "2010.10.10"]

1. e4 c6 2. d4 d5 3. Nc3 dxe4 4. Nxe4 Nd7 5. Ng5 Ngf6 6. Bd3 Nb6 7. N1f3 Bg4 8.
h3 Bxf3 9. Nxf3 e6 10. Qe2 Be7 11. Bd2 Nbd5 12. c4 Nb4 13. Bb1 c5 14. Bxb4 cxb4
15. Bc2 O-O 16. O-O Qc7 17. Rfe1 Bd6 18. Rad1 Rfe8 19. Ne5 Rad8 20. b3 Bxe5 21.
Qxe5 Qxe5 22. Rxe5 a6 23. Kf1 Rd6 24. Ke2 Red8 25. Ke3 Nd7 26. Ra5 Nb8 27. Be4
b6 28. Rg5 f6 29. Rg3 f5 30. Bf3 Kf7 31. h4 Kf6 32. Rh3 g6 33. Rhh1 h6 34. c5
bxc5 35. dxc5 Rxd1 36. Rxd1 Rc8 37. Kd4 Nd7 38. c6 Ne5 39. Kc5 g5 40. hxg5+ hxg5
41. Kb6 g4 42. Kb7 Rh8 43. Be2 Nxc6 44. Kxc6 Rc8+ 45. Kb6 Rc2 46. Bc4 Rxf2 47.
Rd6 Rxa2 48. Rxe6+ Kg5 49. Bd5 a5 50. Kb5 f4 51. Ra6 Kh4 52. Rxa5 Rd2 53. Kxb4
Kg3 54. Kc3 Re2 55. b4 Re5 56. Kd4 Rxd5+ 57. Rxd5 Kxg2 58. b5 f3 59. b6 g3 1-0

[Event "4NCL Individual Rapid"]
[Site "Newport Pagnell ENG"]
[Date "2010.10.10"]
[Round "3"]
[White "Poobalasingam,P"]
[Black "Hebden,M"]
[Result "0-1"]
[WhiteTitle "FM"]
[BlackTitle "GM"]
[WhiteElo "2332"]
[BlackElo "2556"]
[WhiteFideId "410683"]
[BlackFideId "400084"]
[EventDate "2010.10.10"]

1. d4 Nf6 2. c4 g6 3. g3 Bg7 4. Bg2 O-O 5. Nf3 d6 6. O-O Nc6 7. Nc3 Rb8 8. d5
Na5 9. Nd2 Nd7 10. Qc2 Ne5 11. b3 c6 12. Bb2 b5 13. cxb5 cxb5 14. Rac1 Bf5 15.
e4 Bd7 16. h3 b4 17. Na4 Bb5 18. Bxe5 Bxe5 19. Rfd1 Rc8 20. Qb1 Bxa4 21. bxa4
Qb6 22. Qd3 Rc3 23. Rxc3 bxc3 24. Nf3 Bxg3 25. Nd4 Be5 26. Qxc3 Rb8 27. Qd3 Bxd4
28. Qxd4 Qxd4 29. Rxd4 Rb2 30. a3 Rb3 31. Rb4 Rxa3 32. Rb8+ Kg7 33. Ra8 Rxa4 34.
Rxa7 Kf6 35. f4 Ra1+ 36. Kh2 Nb3 37. e5+ dxe5 38. fxe5+ Kxe5 39. Rxe7+ Kf6 40.
Re3 Nc5 41. Rc3 Ra5 42. Rc2 Ke5 43. Re2+ Kd6 44. Re8 h5 45. Rf8 Ra7 46. Rc8 Rc7
47. Rd8+ Ke7 48. Rb8 Nd7 0-1

[Event "4NCL Individual Rapid"]
[Site "Newport Pagnell ENG"]
[Date "2010.10.10"]
[Round "4"]
[White "Rudd,J"]
[Black "Sen,S"]
[Result "0-1"]
[WhiteTitle "IM"]
[WhiteElo "2251"]
[BlackElo "2150"]
[WhiteFideId "405736"]
[BlackFideId "414433"]
[EventDate "2010.10.10"]

1. e4 c5 2. Nf3 d6 3. d4 cxd4 4. Nxd4 Nf6 5. Nc3 a6 6. Bg5 e6 7. f4 Qc7 8. Qf3
b5 9. O-O-O b4 10. e5 Bb7 11. exd6 Bxd6 12. Ncb5 axb5 13. Bxb5+ Nbd7 14. Qg3 Ne4
15. Qg4 Rxa2 16. Kb1 Qa5 17. Bxd7+ Kxd7 18. Nb3 Rxb2+ 0-1

[Event "4NCL Individual Rapid"]
[Site "Newport Pagnell ENG"]
[Date "2010.10.10"]
[Round "4"]
[White "Healey,M"]
[Black "Slavin,A"]
[Result "0-1"]
[BlackTitle "IM"]
[WhiteElo "2069"]
[BlackElo "2426"]
[WhiteFideId "410012"]
[BlackFideId "24104388"]
[EventDate "2010.10.10"]

1. e4 c5 2. Nf3 d6 3. d4 cxd4 4. Nxd4 Nf6 5. Nc3 Nc6 6. Nb3 g6 7. Be2 Bg7 8. O-O
O-O 9. Kh1 Be6 10. f4 Qc8 11. Qe1 d5 12. e5 Ne4 13. Bd3 Nxc3 14. bxc3 f6 15. f5
gxf5 16. Qg3 fxe5 17. Bh6 Rf7 18. Nc5 f4 19. Qh4 Bxh6 20. Qxh6 Bf5 21. Be2 b6
22. Bh5 bxc5 23. Bxf7+ Kxf7 24. g3 Qe6 25. Qh4 Rg8 26. Rae1 Rg4 27. Qh5+ Qg6 28.
Qxg6+ hxg6 0-1

[Event "4NCL Individual Rapid"]
[Site "Newport Pagnell ENG"]
[Date "2010.10.10"]
[Round "4"]
[White "Arkell,K"]
[Black "Burrows,M"]
[Result "1-0"]
[WhiteTitle "GM"]
[WhiteElo "2439"]
[BlackElo "2172"]
[WhiteFideId "400270"]
[BlackFideId "409057"]
[EventDate "2010.10.10"]

1. d4 Nf6 2. Nf3 e6 3. c4 b6 4. g3 Ba6 5. b3 Bb4+ 6. Bd2 Be7 7. Bc3 c6 8. Nbd2
d5 9. Ne5 Nfd7 10. Nd3 Bb7 11. Bg2 Nf6 12. e4 c5 13. exd5 cxd4 14. Bxd4 exd5 15.
Rc1 Nc6 16. Bxf6 Bxf6 17. Bxd5 O-O 18. O-O Qd7 19. Ne4 Bd4 20. Nf4 Bb2 21. Rc2
Ba3 22. Qh5 h6 23. Nf6+ gxf6 24. Qg6+ Kh8 25. Qxh6+ Kg8 26. Nh5 1-0

[Event "4NCL Individual Rapid"]
[Site "Newport Pagnell ENG"]
[Date "2010.10.10"]
[Round "4"]
[White "Hall,Joh"]
[Black "Van der Westhuizen,C"]
[Result "1-0"]
[WhiteElo "2305"]
[BlackElo "1891"]
[WhiteFideId "401102"]
[BlackFideId "14303434"]
[EventDate "2010.10.10"]

1. e4 e5 2. Nf3 Nc6 3. Bb5 f5 4. Nc3 fxe4 5. Nxe4 Nf6 6. Nxf6+ Qxf6 7. O-O Nd4
8. Nxd4 exd4 9. Re1+ Be7 10. Qe2 c6 11. Ba4 d5 12. d3 O-O 13. Bg5 Qxg5 14. Qxe7
Qf4 15. f3 a5 16. a3 b5 17. Bb3 Bf5 18. Qe5 Bg6 19. Qxf4 Rxf4 20. Re6 Rc8 21.
Rxc6 Rd8 22. Re1 Bf7 23. Rc7 Rf6 24. Ree7 b4 25. axb4 axb4 26. Rb7 h6 27. Rxb4
Re6 28. Rxe6 Bxe6 29. Rxd4 Kf7 30. Kf2 Kf6 31. Rb4 g5 32. Ke3 Ke5 33. d4+ Kf6
34. Rb6 h5 35. c4 Kf5 36. g4+ hxg4 37. fxg4+ Kxg4 38. Rxe6 Rb8 39. Bd1+ Kh3 40.
Rh6+ Kg2 41. Bf3+ Kf1 42. Bxd5 Rxb2 43. Rf6+ Ke1 1-0

[Event "4NCL Individual Rapid"]
[Site "Newport Pagnell ENG"]
[Date "2010.10.10"]
[Round "4"]
[White "Kilpatrick,C"]
[Black "Zhou,Y"]
[Result "0-1"]
[BlackTitle "FM"]
[WhiteElo "2247"]
[BlackElo "2320"]
[WhiteFideId "414425"]
[BlackFideId "468584"]
[EventDate "2010.10.10"]

1. e4 c5 2. Nf3 d6 3. d4 Nf6 4. Nc3 cxd4 5. Nxd4 g6 6. Be3 a6 7. f3 b5 8. Qd2
Bb7 9. O-O-O Nbd7 10. Bh6 Bxh6 11. Qxh6 Rc8 12. h4 Ne5 13. h5 Rg8 14. g4 g5 15.
Nf5 Nxf3 16. Be2 Ne5 17. Rhf1 Rxc3 18. bxc3 Nxe4 19. Qxh7 Qa5 20. Rxd6 exd6 21.
Nxd6+ Nxd6 22. Qxg8+ Kd7 23. Qxg5 Qxc3 24. Rd1 Be4 25. Rxd6+ Kxd6 26. Qf6+ Kd7 0-1

[Event "4NCL Individual Rapid"]
[Site "Newport Pagnell ENG"]
[Date "2010.10.10"]
[Round "4"]
[White "Franklin,S"]
[Black "Rendle,T"]
[Result "0-1"]
[BlackTitle "IM"]
[WhiteElo "2203"]
[BlackElo "2400"]
[WhiteFideId "468576"]
[BlackFideId "408760"]
[EventDate "2010.10.10"]

1. e4 e6 2. d4 d5 3. Nc3 Nc6 4. e5 f6 5. Bb5 Bd7 6. Nf3 Bb4 7. Bxc6 Bxc6 8. O-O
Qd7 9. Ne2 f5 10. c3 Bf8 11. Nf4 O-O-O 12. Nd3 h6 13. a4 g5 14. b4 b6 15. b5 Bb7
16. Nb4 Ne7 17. Ba3 Ng6 18. a5 Qxb5 19. axb6 axb6 20. Nd3 Ba6 21. Bxf8 Rhxf8 22.
Rxa6 Qxa6 23. Nb4 Qb5 24. Qc2 Kb7 25. Rb1 Nf4 26. g3 Ne2+ 27. Kg2 g4 28. Ne1 f4
29. Nbd3 f3+ 30. Kh1 Qc4 31. Rb4 Qxc3 32. Qa4 Ra8 33. Nc5+ Qxc5 34. dxc5 Rxa4
35. Rxa4 Ra8 36. Rxa8 Kxa8 37. Nd3 Kb7 38. h3 h5 39. Kh2 Kc6 40. cxb6 cxb6 0-1

[Event "4NCL Individual Rapid"]
[Site "Newport Pagnell ENG"]
[Date "2010.10.10"]
[Round "5"]
[White "Clarke,B"]
[Black "Sen,S"]
[Result "1-0"]
[WhiteElo "2110"]
[BlackElo "2150"]
[WhiteFideId "400319"]
[BlackFideId "414433"]
[EventDate "2010.10.10"]

1. e4 c5 2. Nf3 d6 3. d4 cxd4 4. Nxd4 Nf6 5. Nc3 a6 6. Bg5 e6 7. f4 Qc7 8. Qf3
b5 9. Bxf6 gxf6 10. O-O-O b4 11. Nce2 Nd7 12. Ng3 Bb7 13. Bd3 Nc5 14. Kb1 Rc8
15. Nh5 Be7 16. f5 e5 17. Nb3 a5 18. Qe3 a4 19. Nxc5 Qxc5 20. Qxc5 Rxc5 21. g4
Kd7 22. Rhe1 Kc7 23. b3 d5 24. exd5 Bxd5 25. Be4 Rd8 26. Ng3 axb3 27. cxb3 Bxe4+
28. Nxe4 Rcd5 29. Rc1+ Kb7 30. Kb2 Rc8 31. Rxc8 Kxc8 32. Rc1+ Kb7 33. Rc4 Rd1
34. Rc2 Rd4 35. Re2 Kc6 36. Nf2 Kd5 37. Kc2 e4 38. Nd1 Ke5 39. Rf2 Rd3 40. Nb2
Bc5 41. Nc4+ Kd5 42. Rd2 Rxd2+ 43. Kxd2 Bg1 44. h3 Bd4 45. Ke2 Bc5 46. Kd2 Bd4
47. a4 bxa3 48. Nxa3 Ke5 49. Nb5 Bc5 50. Nc7 Bb6 51. Ne8 Ba5+ 52. Ke2 Bb6 53. b4
Kd4 54. Nxf6 h6 55. b5 e3 56. Ng8 Kc4 57. Nxh6 f6 58. Ng8 Kxb5 59. Nxf6 Kc6 60.
h4 Bd4 61. Ne4 Kd5 62. Ng5 Ke5 63. Nf3+ 1-0

[Event "4NCL Individual Rapid"]
[Site "Newport Pagnell ENG"]
[Date "2010.10.10"]
[Round "5"]
[White "Sherwin,J"]
[Black "Martyn,R"]
[Result "0-1"]
[WhiteTitle "IM"]
[BlackTitle "FM"]
[WhiteElo "2246"]
[BlackElo "2292"]
[WhiteFideId "2000997"]
[BlackFideId "409626"]
[EventDate "2010.10.10"]

1. d4 Nf6 2. Nf3 e6 3. c4 b6 4. g3 Ba6 5. Qc2 Bb7 6. Bg2 c5 7. dxc5 bxc5 8. O-O
Nc6 9. Nc3 Be7 10. Rd1 a6 11. Bf4 O-O 12. Rd2 Qb6 13. a3 Nd4 14. Nxd4 Bxg2 15.
Kxg2 cxd4 16. Na4 Qc6+ 17. Kg1 d6 18. Rdd1 h6 19. Rac1 Rac8 20. b4 e5 21. Bd2
Ne4 22. Be1 f5 23. Nb2 Bg5 24. Rb1 d5 25. f3 Be3+ 26. Kg2 dxc4 27. fxe4 fxe4 28.
Qxc4+ Qxc4 29. Nxc4 Rxc4 30. a4 Rc2 31. b5 Rxe2+ 32. Kh3 axb5 33. axb5 h5 34. b6
g5 35. b7 g4+ 36. Kh4 Rxh2# 0-1

[Event "4NCL Individual Rapid"]
[Site "Newport Pagnell ENG"]
[Date "2010.10.10"]
[Round "5"]
[White "Slavin,A"]
[Black "Buckley,D"]
[Result "1/2-1/2"]
[WhiteTitle "IM"]
[WhiteElo "2426"]
[BlackElo "2237"]
[WhiteFideId "24104388"]
[BlackFideId "407437"]
[EventDate "2010.10.10"]

1. d4 d6 2. Nf3 g6 3. c4 Bg7 4. Nc3 c5 5. e4 cxd4 6. Nxd4 Nc6 7. Be3 Nf6 8. Be2
O-O 9. O-O Bd7 10. f3 Nxd4 11. Bxd4 Qa5 12. Qd2 Bc6 13. Rfd1 Nd7 14. Bxg7 Kxg7
15. Nd5 Qxd2 16. Rxd2 Bxd5 17. Rxd5 Rfc8 18. Rb5 b6 19. f4 Nc5 20. e5 Ne6 21.
Rd1 Nxf4 22. Bf3 Rab8 23. exd6 exd6 24. b3 Rd8 25. g3 a6 26. Rb4 Ne6 27. a4 Nc7
28. a5 bxa5 29. Rxb8 Rxb8 30. Rxd6 Rxb3 31. Rc6 Rxf3 32. Rxc7 Rc3 33. Kf2 a4 34.
Rc6 a5 35. Rc5 a3 36. Rxa5 Rxc4 37. Rxa3 Rc2+ 38. Kf3 Rxh2 39. Kg4 Re2 40. Ra6
Re6 41. Ra5 f5+ 42. Kf4 Kf6 43. Ra7 h6 44. Rh7 Re4+ 45. Kf3 Kg5 46. Rg7 Ra4 47.
Rg8 Ra7 48. Kf2 Ra2+ 49. Kf3 Ra3+ 50. Kf2 Kf6 51. Rh8 h5 52. Rg8 g5 53. Rh8 Kg6
54. Rg8+ Kf6 55. Rf8+ Ke5 56. Re8+ Kf6 57. Rf8+ Kg6 58. Rg8+ Kh6 59. Rh8+ Kg7
60. Rxh5 Kg6 61. Rh8 Ra2+ 62. Kf3 g4+ 63. Kf4 Rf2+ 64. Ke5 Rf3 65. Rg8+ Kh6 66.
Rf8 Rxg3 67. Rxf5 Rf3 68. Rf4 Kg5 69. Ra4 g3 70. Ra8 Rf5+ 71. Ke4 Rf4+ 72. Ke3
Rf7 73. Ke2 Kg4 74. Rh8 Kf4 75. Kf1 Kf3 76. Ra8 Rb7 77. Rf8+ Ke3 78. Kg2 Rg7 79.
Rf3+ Ke4 80. Rxg3 Rxg3+ 81. Kxg3 1/2-1/2

[Event "4NCL Individual Rapid"]
[Site "Newport Pagnell ENG"]
[Date "2010.10.10"]
[Round "5"]
[White "Swanson,S"]
[Black "Arkell,K"]
[Result "0-1"]
[BlackTitle "GM"]
[WhiteElo "2269"]
[BlackElo "2439"]
[WhiteFideId "2400251"]
[BlackFideId "400270"]
[EventDate "2010.10.10"]

1. e4 c6 2. Nc3 d5 3. Nf3 Bg4 4. h3 Bxf3 5. Qxf3 dxe4 6. Nxe4 Nd7 7. d4 Ndf6 8.
Nxf6+ Nxf6 9. c3 e6 10. Bd3 Be7 11. O-O O-O 12. Bf4 Qd5 13. Qe2 Rfd8 14. Bc4 Qf5
15. Be5 Qe4 16. Qxe4 Nxe4 17. Bd3 Nf6 18. Rad1 Nd5 19. c4 Nb4 20. Bb1 Bd6 21. a3
Na6 22. b4 Nc7 23. Rfe1 a5 24. Be4 f6 25. Bxd6 Rxd6 26. c5 Rd7 27. Bd3 axb4 28.
axb4 Rad8 29. Bc4 Rxd4 30. Rxd4 Rxd4 31. Bxe6+ Nxe6 32. Rxe6 Rxb4 33. Re7 h5 34.
g3 Kh7 35. Kg2 Rb3 36. g4 h4 37. Rd7 Kh6 38. Re7 g6 39. Re6 Kg5 40. f4+ Kxf4 41.
Rxf6+ Kg5 42. Rf7 Rg3+ 43. Kh2 Rc3 44. Rxb7 Rc2+ 45. Kg1 Kf4 46. Rd7 Rxc5 47.
Rd4+ Ke3 48. Rd6 g5 49. Rf6 Rc1+ 50. Kg2 Rc2+ 51. Kg1 c5 52. Rf5 c4 53. Rxg5 c3
54. Rc5 Kd4 55. Rc8 Rd2 0-1

[Event "4NCL Individual Rapid"]
[Site "Newport Pagnell ENG"]
[Date "2010.10.10"]
[Round "5"]
[White "Bisby,D"]
[Black "Hall,Joh"]
[Result "0-1"]
[WhiteTitle "FM"]
[WhiteElo "2306"]
[BlackElo "2305"]
[WhiteFideId "404586"]
[BlackFideId "401102"]
[EventDate "2010.10.10"]

1. d4 Nf6 2. Nf3 c5 3. d5 g6 4. Nc3 Bg7 5. e4 d6 6. h3 O-O 7. Bc4 e5 8. dxe6
Bxe6 9. Bxe6 fxe6 10. e5 dxe5 11. Qxd8 Rxd8 12. Ng5 Nc6 13. Nxe6 Rd6 14. Nxc5
Nd4 15. O-O Nxc2 16. Rb1 Rc6 17. N5e4 Nxe4 18. Nxe4 Nb4 19. Bg5 h6 20. Bd2 Nd3
21. Bc3 b5 22. Rfd1 Nf4 23. Kf1 Rac8 24. Rd7 R8c7 25. Rbd1 Ne6 26. Rxc7 Rxc7 27.
Rd6 Kf7 28. Rd5 Nd4 29. Nd6+ Ke6 30. Ne8 Kxd5 31. Nxc7+ Kc6 32. Na6 Kb6 33. Nb4
a5 34. Nd5+ Kc5 35. Ne7 b4 36. Bxd4+ exd4 37. Ke2 Kc4 38. Kd2 b3 39. a3 d3 40.
Nc6 a4 41. Nb4 0-1

[Event "4NCL Individual Rapid"]
[Site "Newport Pagnell ENG"]
[Date "2010.10.10"]
[Round "5"]
[White "Rendle,T"]
[Black "Pritchett,C"]
[Result "1-0"]
[WhiteTitle "IM"]
[BlackTitle "IM"]
[WhiteElo "2400"]
[BlackElo "2314"]
[WhiteFideId "408760"]
[BlackFideId "2400065"]
[EventDate "2010.10.10"]

1. e4 c5 2. Nc3 e6 3. f4 Nc6 4. Nf3 a6 5. d3 d5 6. g3 Nf6 7. Bg2 Be7 8. O-O O-O
9. h3 b5 10. Qe1 b4 11. Nd1 dxe4 12. dxe4 a5 13. g4 Ba6 14. g5 Nd7 15. Rf2 c4
16. Be3 Bc5 17. Rd2 Qc7 18. Qf2 Bxe3 19. Qxe3 Rad8 20. Nf2 Nb6 21. Ng4 Rxd2 22.
Qxd2 Rd8 23. Qe3 Na4 24. Rb1 Qa7 25. Kf2 Qxe3+ 26. Kxe3 c3 27. b3 Nb2 28. Nf2 a4
29. Bf1 Bxf1 30. Rxf1 axb3 31. axb3 Ra8 32. Rc1 Kf8 33. Nd4 Nxd4 34. Kxd4 Rd8+
35. Kc5 Rd2 36. Ng4 h5 37. gxh6 gxh6 38. Kxb4 Nd1 39. e5 h5 40. Nf6 h4 41. Kc4
Kg7 42. b4 Kg6 43. b5 Kf5 44. b6 Rd8 45. b7 Ne3+ 46. Kc5 1-0